| 000 | 00501nam a2200157 i 4500 | ||
|---|---|---|---|
| 001 | 142917 | ||
| 003 | ES-MaACL | ||
| 005 | 20230906200648.0 | ||
| 007 | t| | ||
| 008 | 071010s1932 sp ||||1| spa d | ||
| 100 | 1 |
_aVicente y Gella, Agustín. _9114376 |
|
| 245 | 1 | 4 |
_aLas resoluciones de la asamblea general de una sociedad anónima / _cAgustín Vicente y Gella. |
| 260 |
_aZaragoza : _b[s.n.], _c1932 ( _fTip. la Académica) |
||
| 300 |
_a82 p. ; _c24 cm. |
||
| 852 |
_aES-MaACL _j1581-F-15 _bR.24182 |
||
| 999 |
_c142917 _d142917 |
||